| 000 | 01192nam a22003737a 4500 | ||
|---|---|---|---|
| 003 | DO-SdBPM | ||
| 005 | 20260304071846.0 | ||
| 007 | ta | ||
| 008 | 180212b2001 sp a|| 00| 0 spa d | ||
| 010 | _a | ||
| 020 | _a9788420447797 | ||
| 040 |
_aDO-SdBPM _cspa _dBPMSU _d _erda |
||
| 082 | 0 | 4 |
_a 853.91 _b L823c 2001 _222 |
| 100 | 1 |
_aLodi, Mario, _d1922- _4aut. _eautor |
|
| 245 | 1 | 0 |
_aCipi / _cMario Lodi ; ilustraciones Viví Escrivá ; traducción Carmen Santos |
| 250 | _a2a ed. | ||
| 260 |
_aMadrid, España : _bAlfaguara, _c _g |
||
| 264 |
_aMadrid ; _bSantillana, _c2001 |
||
| 300 |
_a116 págians : _bilustraciones ; _c20 cm. |
||
| 336 |
_atexto _btxt _2rdacontent |
||
| 337 |
_asin mediación _bn _2rdamedia |
||
| 338 |
_avolumen _bnc _2rdacarrier |
||
| 490 | 0 | _aAlfaguara infantil | |
| 500 | _aIncluye datos biográficos del autor. | ||
| 521 | _aA partir de 8 años. | ||
| 590 | _aInventariado, 2026/VM | ||
| 600 |
_a _x |
||
| 650 | 7 | _aCuentos infantiles italianos | |
| 650 | 7 | _aLiteratura infantil italiana | |
| 700 | 1 |
_aEscrivá, Viví, _eilustración |
|
| 700 | 1 |
_aSantos, Carmen, _etraductor |
|
| 910 | _aVMateo V. Control de calidad. BPMSU | ||
| 942 |
_2ddc _cBK |
||
| 999 |
_c11903 _d11903 |
||